Elements of economics (Record no. 542603)
[ view plain ]
| 000 -LEADER | |
|---|---|
| fixed length control field | 00426cam a2200157 i 4500 |
| 082 ## - DEWEY DECIMAL CLASSIFICATION NUMBER | |
| Classification number | 330 |
| Author Mark | AMI |
| -- | L-17, p-3 |
| 100 1# - MAIN ENTRY--PERSONAL NAME | |
| Personal name | R. K. Amin |
| 9 (RLIN) | 37839 |
| 245 10 - TITLE STATEMENT | |
| Title | Elements of economics |
| Statement of responsibility, etc. | R. K. Amin |
| 250 ## - EDITION STATEMENT | |
| Edition statement | 1st ed. |
| 260 ## - PUBLICATION, DISTRIBUTION, ETC. | |
| Place of publication, distribution, etc. | India : |
| Name of publisher, distributor, etc. | Charotar Book stall Anand, |
| Date of publication, distribution, etc. | 1955. |
| 300 ## - PHYSICAL DESCRIPTION | |
| Extent | 360 p. ; |
| Dimensions | 22 cm. |
| 526 ## - STUDY PROGRAM INFORMATION NOTE | |
| Program name | 0 |
| Interest level | 0 |
| Reading level | 0 |
| Title point value | 330_000000000000000_AMI |
| 650 #0 - SUBJECT ADDED ENTRY--TOPICAL TERM | |
| Topical term or geographic name entry element | Economics. |
| 9 (RLIN) | 1437 |
| 650 #0 - SUBJECT ADDED ENTRY--TOPICAL TERM | |
| Topical term or geographic name entry element | MCE |
| 9 (RLIN) | 379 |
| 942 ## - ADDED ENTRY ELEMENTS (KOHA) | |
| Source of classification or shelving scheme | |
| Koha item type | Book |
| Withdrawn status | Lost status | Source of classification or shelving scheme | Damaged status | Not for loan | Permanent Location | Current Location | Date acquired | Total Checkouts | Full call number | Barcode | Date last seen | Price effective from | Koha item type |
|---|---|---|---|---|---|---|---|---|---|---|---|---|---|
| Military College of Engineering (MCE) | Military College of Engineering (MCE) | 02/04/2014 | 330 AMI | MCE-989 | 02/04/2014 | 02/04/2014 | Book |
